000 00595nam a2200193 i 4500
001 137578
003 ES-MaACL
005 20230906195411.0
007 t|
008 070214s1953 sp r ||||1|bspa d
080 _a946"19"(093.32)
080 _a929 Salaya, Guillén
100 1 _aGuillén Salaya, Francisco.
_960792
245 1 4 _aLos que nacimos con el siglo
_b: (biografía de una juventud) /
_cGuillén Salaya.
260 _aMadrid :
_bColenda,
_c[1953]
300 _a218 p. ;
_c21 cm.
651 4 _aEspaña-
_xHistoria-
_yS.XX-
_vRelatos personales.
_98365
852 _aES-MaACL
_jD-9048
999 _c137578
_d137578